000 00751nam a2200193 i 4500
001 64941
003 ES-MaACL
005 20250814065537.0
007 t|
008 040107s1910 sp ||||1| spa d
100 1 _aFournier González, Gervasio.
_9202793
245 1 0 _aGeografía crítica e histórica de la Edad Antigua y principalmente de España /
_cpublicada por el Ministerio de Instrucción Pública y Bellas Artes bajo la dirección de su autor, Gervasio Fournier-González.
260 _aMadrid :
_bJ. Palacios,
_c1910.
300 _a1 v. : lám. 1-58 . :
_bil. ;
_c31 cm.
650 0 7 _aGeografía histórica
_2embne
_9136174
651 4 _aEspaña-
_xGeografía histórica.
_9141109
852 _aES-MaACL
_jG-5590
999 _c64941
_d64941